000 00323 a2200157 4500
001 183166
020 _a
040 _cMagnum
100 _aAlmeida, José Américo de
240 1 0 _aA bagaceira
_lpor
245 1 0 _aA bagaceira
300 _a173
440 1 _aJosé Olympio
697 _aLITERATURA GERAL
942 _cBK
999 _c183166
_d183166